[Event "Llinars del Valles op-B 9th"]
[Site "Llinars del Valles"]
[Date "2015.06.06"]
[Round "8"]
[White "Rius Soler, Benjami"]
[Black "Rius Riu, Gerard"]
[Result "0-1"]
[WhiteElo "1943"]
[BlackElo "1859"]
[PlyCount "48"]
[EventDate "2015.04.11"]
[EventType "swiss"]
[EventRounds "9"]
[EventCountry "ESP"]
[SourceTitle "EXT 2018"]
[Source "ChessBase"]
[SourceDate "2017.10.13"]
[SourceVersion "1"]
[SourceVersionDate "2017.10.13"]
[SourceQuality "1"]

1. e4 c5 2. Nc3 Nc6 3. f4 g6 4. Nf3 Bg7 5. Bb5 a6 6. Bxc6 dxc6 7. 0-0 Bg4 8. h3 Bd7 9. Ne2 Nf6 10. Ng3 0-0 11. c3 Qc7 12. d4 cxd4 13. cxd4 Rfd8 14. Be3 Rac8 15. Rc1 Qa5 16. a3 c5 17. Rxc5 Rxc5 18. dxc5 Bb5 19. Qe1 Qa4 20. c6 bxc6 21. Bb6 Rb8 22. Qd2 Bxf1 23. Nxf1 Qxe4 24. Bc7 Re8 0-1

[Event "Llinars del Valles op-B 8th"]
[Site "Llinars del Valles"]
[Date "2015.05.30"]
[Round "7"]
[White "Rius Riu, Gerard"]
[Black "Garcia Payas, Alex"]
[Result "1/2-1/2"]
[WhiteElo "1859"]
[BlackElo "1935"]
[PlyCount "32"]
[EventDate "2015.04.11"]
[EventType "swiss"]
[EventRounds "9"]
[EventCountry "ESP"]
[SourceTitle "EXT 2016"]
[Source "ChessBase"]
[SourceDate "2015.10.08"]
[SourceVersion "1"]
[SourceVersionDate "2015.10.08"]
[SourceQuality "1"]

1. d4 Nf6 2. c4 e6 3. Nf3 b6 4. g3 Bb7 5. Bg2 Be7 6. 0-0 0-0 7. Nc3 c5 8. d5 exd5 9. cxd5 d6 10. e4 Nbd7 11. Nh4 Ba6 12. Re1 Ne5 13. b3 Nfg4 14. Nf5 Bf6 15. Bf1 Bxf1 16. Rxf1 Ng6 1/2-1/2

[Event "Vall del Tenes op 4th"]
[Site "Santa Eulalia de Roncana"]
[Date "2015.05.29"]
[Round "7"]
[White "Benet Saniger, Xavier"]
[Black "Rius Riu, Gerard"]
[Result "1-0"]
[WhiteElo "1999"]
[BlackElo "1859"]
[PlyCount "37"]
[EventDate "2015.04.10"]
[EventType "swiss"]
[EventRounds "8"]
[EventCountry "ESP"]
[SourceTitle "CBM 166 Extra"]
[Source "ChessBase"]
[SourceDate "2015.06.18"]
[SourceVersion "1"]
[SourceVersionDate "2015.06.18"]
[SourceQuality "1"]

1. Nf3 Nf6 2. d4 e6 3. c4 b6 4. Nc3 Bb7 5. Bg5 Be7 6. Bxf6 gxf6 7. e4 0-0 8. Bd3 Kh8 9. Qd2 Rg8 10. g3 f5 11. 0-0-0 Na6 12. a3 fxe4 13. Bxe4 d5 14. cxd5 exd5 15. Ne5 Rf8 16. Bc2 f6 17. Ng6+ hxg6 18. Qh6+ Kg8 19. Qxg6+ 1-0

[Event "Llinars del Valles op-B 8th"]
[Site "Llinars del Valles"]
[Date "2015.04.25"]
[Round "3"]
[White "Rius Riu, Gerard"]
[Black "Pueyo Amoros, Pau"]
[Result "1-0"]
[WhiteElo "1859"]
[BlackElo "1896"]
[PlyCount "59"]
[EventDate "2015.04.11"]
[EventType "swiss"]
[EventRounds "9"]
[EventCountry "ESP"]
[SourceTitle "EXT 2016"]
[Source "ChessBase"]
[SourceDate "2015.10.08"]
[SourceVersion "1"]
[SourceVersionDate "2015.10.08"]
[SourceQuality "1"]

1. d4 d5 2. c4 e5 3. dxe5 d4 4. Nf3 Nc6 5. g3 Be6 6. b3 f6 7. exf6 Qxf6 8. Bg5 Bb4+ 9. Nbd2 Qf5 10. Bg2 Bc3 11. Rc1 Nf6 12. 0-0 Bxd2 13. Bxd2 0-0-0 14. Ng5 h6 15. Bh3 Ng4 16. Nxe6 Qxe6 17. f3 h5 18. fxg4 hxg4 19. Bg2 Qe8 20. Bxc6 Qh5 21. Bxb7+ Kxb7 22. Rf2 Rdf8 23. Qf1 Rd8 24. Qg2+ Kb8 25. Rcf1 Qc5 26. Rf5 Qe7 27. Rb5+ Kc8 28. Qb7+ Kd7 29. Rd5+ Ke8 30. Qc6+ 1-0

[Event "Barcelona Sant Marti op-B 16th"]
[Site "Barcelona"]
[Date "2014.07.21"]
[Round "9"]
[White "Pujal Moncho, Joaquim"]
[Black "Rius Riu, Gerard"]
[Result "1-0"]
[WhiteElo "1997"]
[BlackElo "1846"]
[PlyCount "65"]
[EventDate "2014.07.13"]
[EventType "swiss"]
[EventRounds "9"]
[EventCountry "ESP"]
[SourceTitle "CBM 161 Extra"]
[Source "ChessBase"]
[SourceDate "2014.08.29"]
[SourceVersion "1"]
[SourceVersionDate "2014.08.29"]
[SourceQuality "1"]

1. c4 e5 2. e4 Nc6 3. Nc3 Nge7 4. d3 g6 5. g3 Bg7 6. Bg2 d6 7. Nge2 0-0 8. 0-0 f5 9. f4 Be6 10. Rb1 Rb8 11. b4 Qd7 12. Be3 fxe4 13. Nxe4 d5 14. Nc5 Qc8 15. Nxe6 Qxe6 16. cxd5 Nxd5 17. Qb3 Rbd8 18. Nc3 Nce7 19. Bc5 c6 20. Rbe1 Rf7 21. d4 g5 22. Bxe7 Rxe7 23. Nxd5 cxd5 24. fxe5 Rc7 25. Rc1 Rxc1 26. Rxc1 b6 27. Qf3 h6 28. g4 Rd7 29. Rc8+ Kh7 30. Qf5+ Qg6 31. Qxd7 Qb1+ 32. Bf1 Qe4 33. Qf5+ 1-0

[Event "Barcelona Sant Marti op-B 16th"]
[Site "Barcelona"]
[Date "2014.07.19"]
[Round "7"]
[White "Subirana Santos, Marc"]
[Black "Rius Riu, Gerard"]
[Result "1/2-1/2"]
[WhiteElo "1912"]
[BlackElo "1846"]
[PlyCount "76"]
[EventDate "2014.07.13"]
[EventType "swiss"]
[EventRounds "9"]
[EventCountry "ESP"]
[SourceTitle "CBM 161 Extra"]
[Source "ChessBase"]
[SourceDate "2014.08.29"]
[SourceVersion "1"]
[SourceVersionDate "2014.08.29"]
[SourceQuality "1"]

1. Nf3 d5 2. d4 Nf6 3. Bf4 c5 4. c3 Nc6 5. h3 e6 6. e3 Bd6 7. Ne5 Qc7 8. Nd3 Bxf4 9. Nxf4 e5 10. dxe5 Qxe5 11. Nd2 Be6 12. Be2 0-0 13. 0-0 Rfd8 14. Nxe6 Qxe6 15. Nf3 d4 16. cxd4 cxd4 17. exd4 Nxd4 18. Nxd4 Qb6 19. Qb3 Qxd4 20. Rad1 Qf4 21. Rxd8+ Rxd8 22. Bf3 b6 23. Re1 Rc8 24. Qd3 h6 25. g3 Qc7 26. Qa3 Rd8 27. Qb3 Rd6 28. Re2 Qd7 29. Qc3 Kf8 30. Kg2 Kg8 31. Rc2 Qe7 32. Qc8+ Rd8 33. Qf5 Qd7 34. Qxd7 Rxd7 35. g4 Kf8 36. Re2 Re7 37. Rd2 Rd7 38. Rc2 Ke7 1/2-1/2

[Event "Llinars del Valles op-B 8th"]
[Site "Llinars del Valles"]
[Date "2014.05.17"]
[Round "4"]
[White "Rius Riu, Gerard"]
[Black "Plantada Martorell, Josep"]
[Result "1-0"]
[WhiteElo "1789"]
[BlackElo "1700"]
[PlyCount "29"]
[EventDate "2014.04.26"]
[EventType "swiss"]
[EventRounds "8"]
[EventCountry "ESP"]
[SourceTitle "EXT 2015"]
[Source "ChessBase"]
[SourceDate "2014.11.20"]
[SourceVersion "1"]
[SourceVersionDate "2014.11.20"]
[SourceQuality "1"]

1. d4 d5 2. Nf3 Nc6 3. e3 Nf6 4. Nbd2 e6 5. b3 Be7 6. Bb2 Ne4 7. a3 b6 8. Bd3 Nf6 9. 0-0 Bd6 10. Ne5 Bd7 11. f4 g6 12. Rc1 a6 13. Qf3 Bxe5 14. fxe5 Nh5 15. Qxf7# 1-0

[Event "Santa Eulalia de Roncana 3rd"]
[Site "Santa Eulalia de Roncana"]
[Date "2009.11.14"]
[Round "7.13"]
[White "Rius Riu, Gerard"]
[Black "Argemi Puig, Pere"]
[Result "0-1"]
[WhiteElo "1700"]
[BlackElo "1700"]
[PlyCount "50"]
[EventDate "2009.10.03"]
[EventType "swiss"]
[EventRounds "9"]
[EventCountry "ESP"]
[SourceTitle "EXT 2024"]
[Source "ChessBase"]
[SourceDate "2023.10.10"]
[SourceVersion "1"]
[SourceVersionDate "2023.10.10"]
[SourceQuality "1"]

1. e4 b6 2. Nf3 Bb7 3. Nc3 Nc6 4. Bc4 e5 5. 0-0 Bc5 6. d3 Nf6 7. Bg5 0-0 8. Bxf6 Qxf6 9. Nd5 Qe6 10. Nxc7 Qe7 11. Nxa8 Bxa8 12. Qd2 a5 13. Bd5 Bb7 14. Ng5 Nd8 15. Bxb7 Nxb7 16. Qe2 Qxg5 17. Rad1 b5 18. Rfe1 Bb4 19. c3 Be7 20. Rd2 Nc5 21. c4 bxc4 22. dxc4 Rd8 23. Rd5 Ne6 24. Rxa5 Nd4 25. Qd2 Qxd2 0-1